LEADER 00997nam a2200265 i 4500 001 000000150815 003 CaOOAMICUS 005 20060613000000.0 008 060613s1979 it u000 u ita u 013 $a128153 020 $a88-222-2844-8 040 $aSeMil$bita 100 1 $aOrvieto, Angiolo.$0(OLS)http://semarc/name/36023 245 10$aPoesie scelte di Angiolo Orvieto /$cAngiolo Orvieto. 260 $aFirenze :$bLeo S. Olschki,$c1979. 300 $a333 p. ;$c21 cm. 500 $aFondo Ciprandi. 650 4$aOrvieto, Angiolo <1869-1967> - Poesie.$0(OLS)http://semarc/subject/29483 850 $aSeMil 852 $aSeMil$W1$xVenegono$y1$m1D IV 163$j102881$B102881$CSeMilBibl$Z2$F111821 $81 941 1 $a1 961 $aOmaggio: Ciprandi dott. Paolo 996 $6020$a88-222-2844-8$9(OLS)http://semarc/number/140270 996 $6245$aPoesie scelte di Angiolo Orvieto$9(OLS)http://semarc/title/220440 996 $6260$aFirenze :$bLeo S. Olschki$9(OLS)http://semarc/publisher/29957 LEADER 00827nam a2200217 i 4500 001 000000192271 003 CaOOAMICUS 005 20100914000000.0 008 100914s1912 it u000 u ita u 013 $a170844 040 $aSeMil$bita 100 1 $aPerini, Carlo.$0(OLS)http://semarc/name/17218 245 10$aVita di Federico Ozanam /$cprof. C. Perini. 250 $a2. edizione. 260 $aMilano :$bGhirlanda,$cstampa 1912. 300 $a102 p., [2] p. di tav. ;$c17 cm. 600 14$aOzanam, Antoine-Frédéric .$0(OLS)http://semarc/subject/9793 850 $aSeMil 852 $aSeMil$W1$xVenegono$y1$m3J I 71$j142847$B142847$CSeMilBibl$Z2$F154272 $81 996 $6245$aVita di Federico Ozanam$9(OLS)http://semarc/title/277075 996 $6260$aMilano :$bGhirlanda$9(OLS)http://semarc/publisher/33445